Úspora nákladov na teplo v objekte školy

Salvato in:
Dettagli Bibliografici
Autore principale: Dúbravka, Martin (Autore)
Altri autori: Urban, František (Relatore della tesi)
Natura: Manoscritto Libro
Lingua:slovacco
Pubblicazione: 2016
Soggetti:
Accesso online:http://is.stuba.sk/zp/portal_zp.pl?podrobnosti=133135
Tags: Aggiungi Tag
Nessun Tag, puoi essere il primo ad aggiungerne!!

MARC

LEADER 00000ntm a22000003a 4500
001 stuzp57827
003 SK-STU
005 20160719155356.5
007 ta
008 150427s2015----xo-----f-mn---000-0-slo-d
040 |a STU  |b slo 
041 0 |a slo 
100 1 |a Dúbravka, Martin  |u 020060  |4 aut  |U SjF Strojnícka fakulta  |T SjF Ústav energetických strojov a zariadení  |X 70647  |U J0060  |Y 805  |7 70647 
242 0 1 |a Saving heating costs in the building of school  |y eng 
245 1 0 |a Úspora nákladov na teplo v objekte školy 
260 |c 2016 
650 4 |a zatepľovanie  |2 slo 
650 4 |a dennostupeň  |2 slo 
650 4 |a vykurovanie  |2 slo 
650 4 |a teplo  |2 slo 
650 4 |a daydegree  |2 eng 
650 4 |a heating  |2 eng 
650 4 |a heat  |2 eng 
650 4 |a insulation  |2 eng 
700 1 |a Urban, František  |u 020060  |k Z1  |4 ths  |U SjF Strojnícka fakulta  |T SjF Ústav energetických strojov a zariadení  |X 2435  |U J0060  |Y 805  |7 A000002435 
856 4 |u http://is.stuba.sk/zp/portal_zp.pl?podrobnosti=133135 
996 |b 284J043934  |c J* 2224/BP  |l JJSK  |s A  |a 24  |w stuzp57827_0001 
SQL |a stuzp57827  |b DBP  |c SLO  |d Úspora nákladov na teplo v objekte školy  |e 70647  |f Dúbravka, Martin  |g 020060  |h 2435  |i Urban, František  |j 20160613  |k 1126  |l 02  |m http://is.stuba.sk/zp/portal_zp.pl?podrobnosti=133135  |n B-ESZ  |o 5.2.6. energetické stroje a zariadenia